Comprehensive Communication Skills for College and University: Principle and Practice. (Record no. 4334)

MARC details
005 - DATE AND TIME OF LATEST TRANSACTION
control field 20250619052738.0
020 ## - INTERNATIONAL STANDARD BOOK NUMBER
International Standard Book Number 998703093-9
082 ## - DEWEY DECIMAL CLASSIFICATION NUMBER
Classification number 384 MWA
100 ## - MAIN ENTRY--PERSONAL NAME
Author name MWAKAJINGA, L.K.
245 ## - TITLE STATEMENT
Title Comprehensive Communication Skills for College and University: Principle and Practice.
260 ## - PUBLICATION, DISTRIBUTION, ETC.
Place of publication, distribution, etc. Dar es Salaam,
Name of publisher, distributor, etc. Karljamer Publishers
Date of publication, distribution, etc. 2021.
300 ## - PHYSICAL DESCRIPTION
Extent xv,198p.; ill.; picture
Dimensions 24cm
942 ## - ADDED ENTRY ELEMENTS (KOHA)
Source of classification or shelving scheme Dewey Decimal Classification
Koha item type Books
Holdings
Date last seen Total checkouts Full call number Barcode Cost, replacement price Price effective from Koha item type Lost status Source of classification or shelving scheme Damaged status Not for loan Withdrawn status Home library Current library Shelving location Date acquired Cost, normal purchase price
06/19/2025   384 MWA DOM000144 150000.00 06/19/2025 Books   Dewey Decimal Classification       CBE Dodoma CBE Dodoma Special Reserve Collection 11/29/2021 50000.00
06/19/2025   384 MWA DOM000150 150000.00 06/19/2025 Books   Dewey Decimal Classification       CBE Dodoma CBE Dodoma Special Reserve Collection 11/29/2021 50000.00
06/19/2025   384 MWA DOM000146 150000.00 06/19/2025 Books   Dewey Decimal Classification       CBE Dodoma CBE Dodoma Special Reserve Collection 11/29/2021 50000.00
06/19/2025   384 MWA DOM000148 150000.00 06/19/2025 Books   Dewey Decimal Classification       CBE Dodoma CBE Dodoma Special Reserve Collection 11/29/2021 50000.00
06/19/2025   384 MWA DOM000152 150000.00 06/19/2025 Books   Dewey Decimal Classification       CBE Dodoma CBE Dodoma Special Reserve Collection 11/29/2021 50000.00
06/19/2025   384 MWA DOM000149 150000.00 06/19/2025 Books   Dewey Decimal Classification       CBE Dodoma CBE Dodoma Special Reserve Collection 11/29/2021 50000.00
06/19/2025   384 MWA DOM000145 150000.00 06/19/2025 Books   Dewey Decimal Classification       CBE Dodoma CBE Dodoma Special Reserve Collection 11/29/2021 50000.00
06/19/2025   384 MWA DOM000151 150000.00 06/19/2025 Books   Dewey Decimal Classification       CBE Dodoma CBE Dodoma Special Reserve Collection 11/29/2021 50000.00